| 000 | 00735nam a2200205Ia 4500 | ||
|---|---|---|---|
| 008 | 151119s9999||||xx |||||||||||||| ||und|| | ||
| 082 | _a891.46308अष्टीक/कितीत | ||
| 082 | _bGKKV34407 | ||
| 100 | _a"अष्टीकर, मंदाकिनी" | ||
| 245 | _aकिती तळमळ अंतरात | ||
| 260 | _aपुणे | ||
| 260 | _bनिशिगंधा प्रकाशन | ||
| 260 | _c2015 | ||
| 300 | _a143p. | ||
| 600 | _a"अष्टीकर, मंदाकिनी" | ||
| 630 | _aकिती तळमळ अंतरात | ||
| 700 | _a"अष्टीकर, मंदाकिनी" | ||
| 730 | _aकिती तळमळ अंतरात | ||
| 942 | _cBOOK | ||
| 999 |
_c1086700 _d1086697 |
||